Rozpočtování a fakturování stavebních prací

Saved in:
Bibliographic Details
Main Author: Motejl, Jiří
Format: Book
Language:Czech
Published: Praha Dům techn. ČSVTS 1987
Edition:1. vyd.
Series:Investiční výstavba Sešit 3
Tags: Add Tag
No Tags, Be the first to tag this record!

MARC

LEADER 00000nam a2200000 4500
001 c028595
005 20221219103320.3
041 0 |a cze 
044 |a CZ 
245 1 0 |a Rozpočtování a fakturování stavebních prací  |c Jiří Motejl 
250 |a 1. vyd. 
264 1 |a Praha  |b Dům techn. ČSVTS  |c 1987 
300 |a 34 s. 
490 1 |a Investiční výstavba  |v Sešit 3 
830 0 |a Investiční výstavba  |v Sešit 3 
100 1 |a Motejl, Jiří